000 00576nam a2200181 i 4500
001 31723
003 ES-MaACL
007 t|
008 030130s1954 sp ||||1| spa d
100 1 _aBaum, Vicki.
_926577
245 1 0 _aHistoria de una mujer
_b: novela /
_cVicki Baum ; [traducción del alemán por Guillermo Vogel y Javier Senderos].
250 _a[1ª ed.].
260 _aBarcelona :
_bPlaneta,
_c[1954] (
_fPulcra)
300 _a227 p. ;
_c20 cm.
700 1 _aVogel, Guillermo.
_9115648
700 1 _aSenderos, Javier.
_9105444
852 _aES-MaACL
_jC-9737
_bR.36769
999 _c31723
_d31723